[Event "Lazy PERLA BALTYKU"]
[Site "Lazy"]
[Date "2016.07.03"]
[Round "7.9"]
[White "Nowak, Kamil"]
[Black "Krainski, Aleksander"]
[Result "0-1"]
[WhiteElo "2313"]
[BlackElo "2141"]
[PlyCount "60"]
[EventDate "2016.??.??"]

1. d4 d5 2. c4 c6 3. Nf3 Nf6 4. Nc3 e6 5. Bg5 Nbd7 6. e3 Qa5 7. Nd2 Bb4 8. Qc2
O-O 9. Be2 c5 10. O-O cxd4 11. Nb3 Qd8 12. Nxd4 Bxc3 13. bxc3 dxc4 14. Bxc4 h6
15. Bh4 Qe7 16. Be2 Ne5 17. Rab1 Ng6 18. Bxf6 Qxf6 19. Nb5 Bd7 20. Bf3 Qg5 21.
Nd4 e5 22. Rxb7 Bh3 23. Ne2 Nh4 24. Ng3 Nxf3+ 25. gxf3 Bxf1 26. Kxf1 Qf6 27.
Kg2 a5 28. Qb3 Qd8 29. Qb5 Rb8 30. Rxb8 Qxb8 0-1

[Event "Lazy PERLA BALTYKU"]
[Site "Lazy"]
[Date "2016.07.03"]
[Round "7.10"]
[White "Mielczarski, Miroslaw"]
[Black "Swicarz, Maciej"]
[Result "1-0"]
[WhiteElo "2107"]
[BlackElo "2292"]
[PlyCount "98"]
[EventDate "2016.??.??"]

1. Nf3 d5 2. d4 Nf6 3. c4 e6 4. cxd5 exd5 5. Bg5 Be7 6. e3 Nbd7 7. Nc3 Nf8 8.
Bd3 Ne6 9. Bh4 O-O 10. O-O c6 11. Qc2 g6 12. a3 Ng7 13. b4 a6 14. Na4 Bf5 15.
Nc5 b6 16. Nb3 Bxd3 17. Qxd3 Nf5 18. Rfc1 Nxh4 19. Nxh4 Qc7 20. Nf3 Bd6 21. Ne5
Bxe5 22. dxe5 Nd7 23. f4 Rfc8 24. Ra2 Qb7 25. e4 Nf8 26. Rac2 Ne6 27. f5 Ng5
28. exd5 cxd5 29. e6 Rxc2 30. Rxc2 fxe6 31. fxg6 hxg6 32. Qxg6+ Qg7 33. Qxg7+
Kxg7 34. Rc6 e5 35. Rxb6 d4 36. h4 Nf7 37. Nc5 Re8 38. Rxa6 Kg8 39. Re6 Rxe6
40. Nxe6 d3 41. Kf2 e4 42. Nc5 Nd6 43. Nxd3 exd3 44. Ke3 Nc4+ 45. Kxd3 Nxa3 46.
Kd4 Kf7 47. g4 Nc2+ 48. Kc5 Ne3 49. g5 Nf5 1-0

[Event "Lazy PERLA BALTYKU"]
[Site "LAZY"]
[Date "2016.07.03"]
[Round "7.11"]
[White "Sliwicki, Damian"]
[Black "Nowak, Mikolaj"]
[Result "0-1"]
[WhiteElo "2242"]
[BlackElo "2091"]
[PlyCount "148"]
[EventDate "2016.??.??"]

1. e4 c6 2. d4 d5 3. exd5 cxd5 4. c4 Nf6 5. Nc3 g6 6. Nf3 Bg7 7. cxd5 Nxd5 8.
Be2 Nc6 9. O-O O-O 10. Re1 e6 11. Nxd5 Qxd5 12. Be3 b6 13. Rc1 Bb7 14. Bc4 Qh5
15. Qa4 Qa5 16. Qb3 Qh5 17. Be2 Na5 18. Qa4 Qd5 19. b4 Nc6 20. b5 Na5 21. Bd2
a6 22. Rb1 axb5 23. Qxb5 Qxa2 24. Rb2 Qa3 25. Rbb1 Ba6 26. Bb4 Qa2 27. Qxb6
Bxe2 28. Bxf8 Nc4 29. Qb7 Bxf3 30. Qxf3 Bxf8 31. Rb7 Nd6 32. Rbb1 Nf5 33. d5
Qxd5 34. Qf4 Kg7 35. Red1 Qa5 36. g4 Ne7 37. Ra1 Qxa1 38. Rxa1 Rxa1+ 39. Kg2
Kg8 40. h4 h6 41. Qb8 Ra5 42. f3 h5 43. Kg3 Rd5 44. Qb3 Nc6 45. Qb7 Nd4 46. Qb8
Kg7 47. Qb2 Bd6+ 48. Kh3 Be5 49. Qg2 Bf6 50. g5 Be5 51. Qf2 Nf5 52. Qe2 Bf4 53.
Qb2+ Rd4 54. Qb7 Be5 55. Qb5 Rxh4+ 56. Kg2 Bd4 57. Qb8 Ba1 58. f4 Rg4+ 59. Kh2
Bd4 60. Qc7 Rg3 61. Qd8 Rd3 62. Qb8 e5 63. Qb1 Rf3 64. fxe5 Bxe5+ 65. Kg2 Rc3
66. Qe4 Bd4 67. Qa8 h4 68. Qe8 h3+ 69. Kh2 Re3 70. Qd8 Be5+ 71. Kg1 h2+ 72. Kf2
Bg3+ 73. Kg2 Nh4+ 74. Kh3 h1=Q+ 0-1

[Event "Lazy PERLA BALTYKU"]
[Site "LAZY"]
[Date "2016.07.03"]
[Round "7.12"]
[White "Juhnke, Juergen"]
[Black "Antolak, Julia"]
[Result "1-0"]
[WhiteElo "2219"]
[BlackElo "2073"]
[PlyCount "93"]
[EventDate "2016.??.??"]

1. e4 c5 2. Nf3 e6 3. d4 cxd4 4. Nxd4 Nf6 5. Nc3 d6 6. g4 h6 7. h4 Nc6 8. Rg1
d5 9. Bb5 Bd7 10. exd5 Nxd5 11. Nxd5 exd5 12. Be3 Be7 13. Qd2 Nxd4 14. Bxd7+
Qxd7 15. Bxd4 Qe6+ 16. Be3 O-O 17. O-O-O d4 18. Bxd4 Qxa2 19. c3 a5 20. g5 hxg5
21. Bxg7 Qa1+ 22. Kc2 Qa4+ 23. Kb1 Qe4+ 24. Kc1 Rfd8 25. Bd4 Bf6 26. Qe3 Rxd4
27. Rxd4 Qxe3+ 28. fxe3 Bxd4 29. exd4 f6 30. hxg5 fxg5 31. Rxg5+ Kf7 32. Rb5
Ra7 33. Re5 a4 34. Kb1 a3 35. bxa3 Rxa3 36. Kb2 Ra6 37. Kb3 Rc6 38. Kb4 Kf6 39.
Rc5 Ra6 40. Rb5 b6 41. Re5 Ra1 42. Kb5 Rb1+ 43. Kc6 Rc1 44. Re3 Rb1 45. d5 b5
46. d6 b4 47. d7 1-0

[Event "Lazy PERLA BALTYKU"]
[Site "LAZY"]
[Date "2016.07.03"]
[Round "7.13"]
[White "Sliwicka, Alicja"]
[Black "Kubicka, Anna"]
[Result "1/2-1/2"]
[WhiteElo "2041"]
[BlackElo "2171"]
[PlyCount "112"]
[EventDate "2016.??.??"]

1. e4 c5 2. Nf3 d6 3. d4 Nf6 4. dxc5 Nxe4 5. cxd6 Nc6 6. Bd3 Nxd6 7. O-O g6 8.
Bd2 Bg7 9. Bc3 O-O 10. Re1 Qb6 11. b3 Bf5 12. Bxg7 Kxg7 13. Bxf5 Nxf5 14. c4
Rfd8 15. Qe2 Qb4 16. Qb2+ Nfd4 17. Nbd2 Kg8 18. Nxd4 Rxd4 19. Nf3 Rxc4 20. Qe2
Rc5 21. Rad1 a5 22. Qe3 b6 23. h4 a4 24. Rd3 Qg4 25. a3 axb3 26. Rxb3 Qa4 27.
Rxb6 Qxa3 28. Rb3 Qa7 29. Qh6 Rh5 30. Qf4 Rf5 31. Qe4 Qa4 32. Qe3 Qf4 33. Qc3
Ra6 34. g3 Qd6 35. Rc1 h6 36. Qc4 Rfa5 37. h5 Ra4 38. Qb5 Ra1 39. Rbc3 Nd4 40.
Nxd4 Qxd4 41. hxg6 Kg7 42. Qe8 Rxc1+ 43. Rxc1 Rxg6 44. Qb8 e5 45. Qb3 h5 46.
Rd1 Qc5 47. Rd5 Qc1+ 48. Rd1 Qc5 49. Rd5 Qc1+ 50. Rd1 Qg5 51. Qb8 h4 52. Rd8
Qc1+ 53. Kg2 Qc6+ 54. Kg1 Qc1+ 55. Kg2 Qc6+ 56. Kg1 Qc1+ 1/2-1/2

[Event "Lazy PERLA BALTYKU"]
[Site "LAZY"]
[Date "2016.07.03"]
[Round "7.14"]
[White "Karbowiak, Adam"]
[Black "Godzwon, Iwo"]
[Result "1-0"]
[WhiteElo "2128"]
[BlackElo "1884"]
[PlyCount "95"]
[EventDate "2016.??.??"]

1. Nf3 g6 2. g3 c5 3. Bg2 Bg7 4. d4 cxd4 5. Nxd4 Nc6 6. Nxc6 bxc6 7. O-O Nf6 8.
c4 O-O 9. Nc3 Qc7 10. Qd2 Bb7 11. b3 d5 12. Bb2 Rfd8 13. cxd5 cxd5 14. Rac1 Qd7
15. Na4 Qf5 16. Rc7 Rd7 17. Rxd7 Nxd7 18. Bxg7 Kxg7 19. Rc1 Rc8 20. Rxc8 Bxc8
21. Bxd5 Nf6 22. Bf3 Be6 23. Nc3 h5 24. Qd3 Qa5 25. h4 Qa3 26. Qd2 a5 27. Kg2
Bf5 28. e4 Be6 29. Nb1 Qc5 30. Qc3 Qb5 31. Na3 Qb6 32. Nc4 Bxc4 33. Qxc4 Nd7
34. a3 Ne5 35. Qc3 f6 36. Be2 Nc6 37. Qc4 Nd4 38. Bd1 Nb5 39. a4 Nd4 40. Qd5
Qb4 41. e5 Qd2 42. exf6+ exf6 43. Bf3 Qb4 44. Qd7+ Kf8 45. Qd8+ Kg7 46. Bd5 Qf8
47. Qxa5 Nc2 48. Qc7+ 1-0

[Event "Lazy PERLA BALTYKU"]
[Site "LAZY"]
[Date "2016.07.03"]
[Round "7.15"]
[White "Zaninotto, Franco"]
[Black "Kozak, Antoni"]
[Result "1/2-1/2"]
[WhiteElo "2127"]
[BlackElo "1981"]
[PlyCount "51"]
[EventDate "2016.??.??"]

1. e4 c6 2. Nc3 d5 3. Nf3 Bg4 4. h3 Bxf3 5. Qxf3 e6 6. d4 Nf6 7. Bd3 Be7 8. e5
Nfd7 9. Qg3 g6 10. h4 h5 11. Ne2 c5 12. c3 Nc6 13. a3 Qb6 14. Qf4 cxd4 15. cxd4
O-O-O 16. Qxf7 Ncxe5 17. dxe5 Nxe5 18. Qxe7 Nxd3+ 19. Kd2 Nxf2 20. Rf1 Rhf8 21.
Kc2 Qb5 22. Qxe6+ Kb8 23. Nc3 Qd3+ 24. Kb3 Qc4+ 25. Kc2 Qd3+ 26. Kb3 1/2-1/2

[Event "Lazy PERLA BALTYKU"]
[Site "LAZY"]
[Date "2016.07.03"]
[Round "7.16"]
[White "Wacior, Maciej"]
[Black "Garbowski, Jakub"]
[Result "1/2-1/2"]
[WhiteElo "2037"]
[BlackElo "2102"]
[PlyCount "129"]
[EventDate "2016.??.??"]

1. d4 Nf6 2. Nf3 g6 3. Bf4 Bg7 4. e3 d6 5. h3 c5 6. c3 b6 7. Be2 O-O 8. O-O
Nbd7 9. Bh2 Bb7 10. a4 a6 11. Nbd2 Ra7 12. b4 Qa8 13. Qb3 Ne4 14. Nxe4 Bxe4 15.
Rfd1 Rc8 16. dxc5 bxc5 17. Ng5 d5 18. Nxe4 dxe4 19. Bc4 e6 20. Bxe6 fxe6 21.
Qxe6+ Kh8 22. Rxd7 Rxd7 23. Qxd7 cxb4 24. Qe7 Qd5 25. Qxb4 Bxc3 26. Qa3 Bxa1
27. Qxa1+ Kg8 28. Bg3 Kf7 29. Qb1 g5 30. Qb6 Qc6 31. Qb3+ Kg6 32. h4 h6 33. h5+
Kxh5 34. Qf7+ Qg6 35. Qd7 Qe8 36. Qf5 Rc6 37. Be5 Qe6 38. Qxe4 Rc4 39. Qf3+ g4
40. Qg3 Kg6 41. Bd4 Rxa4 42. Qc7 Rxd4 43. exd4 Qe1+ 44. Kh2 Qxf2 45. Qc6+ Kg5
46. Qc5+ Qf5 47. Qe7+ Kf4 48. Qd6+ Ke3 49. Qe5+ Qe4 50. Qg3+ Kxd4 51. Qd6+ Ke3
52. Qxa6 Qf4+ 53. Kh1 Kf2 54. Qa2+ Kg3 55. Qa3+ Kh4 56. Qe7+ Kh5 57. Qe8+ Kg5
58. Qe7+ Qf6 59. Qe3+ Kh5 60. Qe8+ Kh4 61. Qe1+ g3 62. Qe4+ Kg5 63. Qe3+ Qf4
64. Qe7+ Kf5 65. Qf7+ 1/2-1/2

[Event "Lazy PERLA BALTYKU"]
[Site "LAZY"]
[Date "2016.07.03"]
[Round "7.17"]
[White "Szpar, Milosz"]
[Black "Sciborowski, Miroslaw"]
[Result "1/2-1/2"]
[WhiteElo "1943"]
[BlackElo "2003"]
[PlyCount "85"]
[EventDate "2016.??.??"]

1. e4 d5 2. exd5 Qxd5 3. Nf3 Bg4 4. Be2 Nf6 5. d4 e6 6. O-O Be7 7. c4 Qd8 8.
Nc3 c6 9. Qb3 Qb6 10. Qxb6 axb6 11. h3 Bh5 12. Be3 Nbd7 13. a3 O-O 14. g4 Bg6
15. Rad1 Rfd8 16. Ne5 Bc2 17. Rd2 Bb3 18. Bd1 Bxd1 19. Rfxd1 Ra5 20. Nxd7 Nxd7
21. f4 Re8 22. Kf2 g5 23. d5 gxf4 24. Bxf4 Bc5+ 25. Kg2 cxd5 26. b4 Rxa3 27.
Nb5 Ra4 28. bxc5 bxc5 29. Bg3 Nb6 30. cxd5 Nxd5 31. Rc1 b6 32. Nc7 Rd8 33. Nxd5
Rxd5 34. Rb2 b5 35. Rxb5 Ra2+ 36. Bf2 Rdd2 37. Rf1 c4 38. Rc5 Rac2 39. Kg3 Rd3+
40. Kf4 f6 41. Bg1 Rxh3 42. Ra1 Kf7 43. Rh5 1/2-1/2

[Event "Lazy PERLA BALTYKU"]
[Site "LAZY"]
[Date "2016.07.03"]
[Round "7.18"]
[White "Budrewicz, Krzysztof"]
[Black "Konieczynski, Piotr"]
[Result "1-0"]
[WhiteElo "2217"]
[BlackElo "1973"]
[PlyCount "95"]
[EventDate "2016.??.??"]

1. d4 d5 2. c4 c6 3. Nf3 Nf6 4. g3 Bf5 5. Bg2 e6 6. O-O Be7 7. Nc3 O-O 8. Nh4
Bg6 9. Nxg6 hxg6 10. Qd3 Nbd7 11. Rb1 dxc4 12. Qxc4 e5 13. dxe5 Nxe5 14. Qa4 a5
15. Bf4 Ned7 16. Rfd1 Qb6 17. Qc2 Rfe8 18. e4 Bf8 19. Be3 Qc7 20. Nd5 Qc8 21.
Nf4 Ne5 22. Bb6 g5 23. Nd3 Qe6 24. Nxe5 Qxe5 25. Bd4 Qe6 26. e5 Nd5 27. a3 Red8
28. Re1 Nb4 29. axb4 Rxd4 30. b5 cxb5 31. Bxb7 Rad8 32. Qe2 b4 33. Be4 Bc5 34.
Qh5 Qh6 35. Qxh6 gxh6 36. Rbc1 Bf8 37. b3 Rd2 38. Bf5 Ra2 39. e6 fxe6 40. Bxe6+
Kg7 41. Rc7+ Kf6 42. Bc4 Rad2 43. Re6+ Kf5 44. Rf7+ Kg4 45. Kg2 Kh5 46. h3 R2d6
47. Be2+ g4 48. Rf5# 1-0

[Event "Lazy PERLA BALTYKU"]
[Site "LAZY"]
[Date "2016.07.03"]
[Round "7.19"]
[White "Lebiedowicz, Borys"]
[Black "Smieszek, Wojciech"]
[Result "0-1"]
[WhiteElo "2002"]
[BlackElo "2137"]
[PlyCount "178"]
[EventDate "2016.??.??"]

1. e4 Nf6 2. e5 Nd5 3. d4 Nb6 4. Nf3 d5 5. Be2 Bg4 6. O-O e6 7. Be3 c5 8. c3
Nc6 9. Nbd2 Be7 10. Re1 O-O 11. Nf1 Rc8 12. Ng3 cxd4 13. cxd4 Nb4 14. Bd3 Nxd3
15. Qxd3 Bxf3 16. gxf3 Bh4 17. b3 f5 18. f4 Qd7 19. Rac1 Be7 20. Bd2 Ba3 21.
Rc3 Rxc3 22. Bxc3 Qc6 23. Kh1 Rc8 24. Ne2 Na8 25. Rg1 Nc7 26. Qg3 Qd7 27. Qd3
Qb5 28. Qd2 Na6 29. Rg3 Qc6 30. Ba5 Bc1 31. Qc3 Qxc3 32. Rxc3 Rxc3 33. Bxc3 Ba3
34. Kg2 Nb4 35. Bxb4 Bxb4 36. Kf3 Bd2 37. Ng3 g6 38. Nf1 Bc1 39. Ne3 Bb2 40.
Nc2 Kg7 41. Kg3 Kh6 42. Kh4 Bc3 43. Kg3 Kh5 44. a3 a6 45. Kh3 Bd2 46. Kg3 Bc1
47. a4 Kh6 48. Nb4 Bd2 49. Nc2 Kg7 50. Kf3 Kf7 51. Ne3 Ke7 52. Ke2 Bb4 53. Ng2
Kd7 54. Kd3 Kc6 55. Ne3 Kb6 56. Nc2 Ka5 57. Ke3 b5 58. axb5 Kxb5 59. Kd3 a5 60.
Ne3 Be7 61. Nc2 Bd8 62. Kc3 a4 63. bxa4+ Kxa4 64. Kd3 Bh4 65. f3 Bf2 66. h3 Bg3
67. Ne3 Bxf4 68. Ng2 Bg3 69. Ne3 Kb3 70. Nd1 Be1 71. Ne3 Kb2 72. Ng2 Bg3 73.
Ne3 h5 74. Nd1+ Kb3 75. Nc3 Kb4 76. Ne2 h4 77. Nc3 g5 78. Ne2 Bf4 79. Ng1 Kb3
80. Ne2 Kb2 81. Ng1 Kc1 82. Ne2+ Kd1 83. Nc3+ Ke1 84. Na4 g4 85. fxg4 fxg4 86.
Nc5 gxh3 87. Nxe6 h2 88. Nxf4 h1=Q 89. Ke3 Qe4# 0-1

[Event "Lazy PERLA BALTYKU"]
[Site "LAZY"]
[Date "2016.07.03"]
[Round "7.20"]
[White "Mazalon, Mariusz"]
[Black "Franckowski, Janusz"]
[Result "1/2-1/2"]
[WhiteElo "2083"]
[BlackElo "2001"]
[PlyCount "53"]
[EventDate "2016.??.??"]

1. d4 Nf6 2. Nf3 e6 3. c4 b6 4. Nc3 Bb7 5. Bg5 Bb4 6. Qb3 c5 7. dxc5 Bxc5 8. e3
Nc6 9. Be2 O-O 10. O-O h6 11. Bh4 Be7 12. Rfd1 Na5 13. Qa4 Bc6 14. Qc2 Rc8 15.
Nd2 Qc7 16. Rac1 Qb7 17. f3 d5 18. cxd5 Nxd5 19. Bxe7 Nxc3 20. Qxc3 Qxe7 21.
Qd3 Nb7 22. Qb1 Nd6 23. e4 Rfd8 24. Nf1 Bb7 25. Rxc8 Nxc8 26. Rxd8+ Qxd8 27.
Qd3 1/2-1/2

[Event "Lazy PERLA BALTYKU"]
[Site "LAZY"]
[Date "2016.07.03"]
[Round "7.21"]
[White "Jedrocha, Katarzyna"]
[Black "Wisniewski, Jacek"]
[Result "1-0"]
[WhiteElo "1948"]
[BlackElo "1989"]
[PlyCount "83"]
[EventDate "2016.??.??"]

1. e4 e5 2. Nf3 Nf6 3. Nxe5 d6 4. Nf3 Nxe4 5. Nc3 Nxc3 6. dxc3 Be7 7. Be3 O-O
8. Bd3 Nd7 9. Qd2 Ne5 10. Nxe5 dxe5 11. Qe2 Be6 12. Bc4 Qd7 13. Rd1 Qc6 14.
Bxe6 Qxe6 15. c4 f5 16. O-O Bf6 17. Bd4 Rfe8 18. Bc3 Rad8 19. Rxd8 Rxd8 20. Rd1
Rxd1+ 21. Qxd1 Kf7 22. Qh5+ Kg8 23. Qd1 Qd6 24. Qe2 e4 25. Bxf6 Qxf6 26. Qd2
Qd6 27. Qe2 g6 28. h3 Kf7 29. Qe1 Ke6 30. Qc3 f4 31. Qh8 Qd7 32. Qg8+ Kf5 33.
Qf8+ Kg5 34. Qc5+ Kh4 35. Qe5 Qf5 36. Qxc7 g5 37. Qg7 Qg6 38. Qxb7 e3 39. fxe3
Qxc2 40. Qf3 h5 41. exf4 g4 42. Qf2+ 1-0

[Event "Lazy PERLA BALTYKU"]
[Site "LAZY"]
[Date "2016.07.03"]
[Round "7.22"]
[White "Katafiasz, Tomasz"]
[Black "Korpalski, Maciej"]
[Result "1/2-1/2"]
[WhiteElo "1888"]
[BlackElo "1968"]
[PlyCount "79"]
[EventDate "2016.??.??"]

1. Nf3 Nf6 2. d4 g6 3. c4 Bg7 4. Nc3 O-O 5. e4 d6 6. Be2 e5 7. O-O Nc6 8. d5
Ne7 9. Ne1 Nd7 10. Be3 f5 11. f3 Nf6 12. c5 f4 13. Bf2 g5 14. Rc1 Ng6 15. cxd6
cxd6 16. Nb5 Rf7 17. Qc2 Ne8 18. Qb3 Bd7 19. Nxa7 h5 20. Bb5 g4 21. Bxd7 Qxd7
22. Qb5 g3 23. Bb6 gxh2+ 24. Kh1 Qe7 25. Rc8 Rxc8 26. Nxc8 Qf8 27. Nd3 Nc7 28.
Bxc7 Rxc7 29. Nb6 Qe7 30. Nc4 Kh7 31. b3 Bf8 32. Qb6 Rd7 33. Nf2 Qg5 34. Nh3
Qg3 35. Qf2 Nh4 36. Qxg3 fxg3 37. Ng5+ Kg6 38. Ne6 Bh6 39. a4 Kh7 40. Nb6
1/2-1/2

[Event "Lazy PERLA BALTYKU"]
[Site "LAZY"]
[Date "2016.07.03"]
[Round "7.23"]
[White "Dmochowska, Agnieszka"]
[Black "Kicinski, Jacek"]
[Result "1/2-1/2"]
[WhiteElo "2059"]
[BlackElo "1998"]
[PlyCount "90"]
[EventDate "2016.??.??"]

1. e4 c5 2. c3 Nf6 3. e5 Nd5 4. d4 cxd4 5. Nf3 Nc6 6. cxd4 d6 7. Bc4 dxe5 8.
Nxe5 e6 9. O-O Be7 10. Re1 O-O 11. Nc3 Nxe5 12. Rxe5 Bf6 13. Re4 Nxc3 14. bxc3
Bd7 15. Bd3 Rc8 16. Bd2 Bc6 17. Re3 Qd5 18. f3 Rfd8 19. Qe2 b5 20. a3 a6 21.
Be1 g6 22. Re4 e5 23. Bh4 Bxh4 24. Rxh4 exd4 25. cxd4 Re8 26. Qd2 Qe6 27. Be4
f5 28. Bxc6 Qxc6 29. Rd1 Qc2 30. d5 Re2 31. Qxc2 Rcxc2 32. g3 Red2 33. Rd4 Rg2+
34. Kh1 Rxh2+ 35. Kg1 Kf7 36. d6 Ke8 37. d7+ Kd8 38. Rd6 Rhg2+ 39. Kh1 Rh2+ 40.
Kg1 Rcg2+ 41. Kf1 Rxg3 42. R1d3 f4 43. Rxa6 Rh1+ 44. Kf2 Rh2+ 45. Kf1 Rh1+
1/2-1/2

[Event "Lazy PERLA BALTYKU"]
[Site "LAZY"]
[Date "2016.07.03"]
[Round "7.24"]
[White "Frej, Zofia"]
[Black "Nowak, Maciej"]
[Result "0-1"]
[WhiteElo "1929"]
[BlackElo "2007"]
[PlyCount "94"]
[EventDate "2016.??.??"]

1. e4 c5 2. Nf3 Nc6 3. d4 cxd4 4. Nxd4 Nf6 5. Nc3 d6 6. g3 e5 7. Nde2 Be7 8.
Bg2 Be6 9. O-O O-O 10. h3 Qc8 11. g4 Rd8 12. Ng3 g6 13. Nd5 Bxd5 14. exd5 Nb4
15. c3 Na6 16. Bg5 Re8 17. Qd2 Nc5 18. c4 a5 19. Rae1 Qd8 20. Be3 Nfd7 21. b3
Bf6 22. f3 Bh4 23. Bf2 Bxg3 24. Bxg3 f6 25. Qc2 Rb8 26. Kh2 b5 27. Rb1 Rf8 28.
cxb5 Rxb5 29. Rg1 Rb7 30. Bf1 Qe7 31. Qd2 Ra7 32. Bc4 f5 33. gxf5 Rxf5 34. Qe2
Qf8 35. Rgf1 Rh5 36. Bd3 Nxd3 37. Qxd3 Nc5 38. Qc2 Qc8 39. Qg2 Rc7 40. Rbc1 Nd3
41. Rxc7 Qxc7 42. Kg1 Qc5+ 43. Bf2 Qc3 44. Qg4 Nf4 45. h4 Rf5 46. Re1 Qd2 47.
Rf1 h5 0-1

[Event "Lazy PERLA BALTYKU"]
[Site "LAZY"]
[Date "2016.07.03"]
[Round "7.25"]
[White "Marczuk, Anna"]
[Black "Dombrowski, Bartosz"]
[Result "1-0"]
[WhiteElo "1931"]
[BlackElo "1913"]
[PlyCount "183"]
[EventDate "2016.??.??"]

1. e4 c5 2. Nf3 d6 3. Bc4 Nf6 4. d3 e6 5. O-O Be7 6. c3 O-O 7. Bb3 d5 8. e5
Nfd7 9. d4 Nc6 10. a3 c4 11. Bc2 f6 12. exf6 Bxf6 13. Be3 Rb8 14. Re1 e5 15.
dxe5 Ndxe5 16. Nxe5 Bxe5 17. Nd2 Kh8 18. Qh5 g6 19. Bxg6 Qc7 20. f4 Bf6 21. Bc2
d4 22. cxd4 Nxd4 23. Be4 Be6 24. Rad1 Qg7 25. h3 b6 26. Nb1 Rbd8 27. Nc3 Bf7
28. Qg4 Bg6 29. Bxg6 hxg6 30. Rd2 Nf5 31. Rxd8 Rxd8 32. Bf2 Kh7 33. Re6 Qf7 34.
Re1 Rd2 35. Re2 Bxc3 36. bxc3 Rd3 37. Qg5 Rd7 38. g4 Ng7 39. Bd4 Kg8 40. Qe5
Kf8 41. Qb8+ Ne8 42. Qe5 Ng7 43. a4 Rd8 44. a5 bxa5 45. Qxa5 Ne6 46. Qb4+ Kg8
47. Qxc4 Nxd4 48. Qxf7+ Kxf7 49. cxd4 Rxd4 50. Ra2 Rxf4 51. Rxa7+ Kf6 52. Ra5
g5 53. Kg2 Kg6 54. Kg3 Rf1 55. Ra2 Rg1+ 56. Kh2 Rb1 57. Rf2 Ra1 58. Kg2 Rb1 59.
Rf1 Rb2+ 60. Kg3 Rb3+ 61. Rf3 Rb1 62. Kf2 Rb2+ 63. Kg3 Rb1 64. Ra3 Rg1+ 65. Kf2
Rb1 66. Ra6+ Kg7 67. Kf3 Rb3+ 68. Ke4 Rxh3 69. Kf5 Rb3 70. Ra5 Rf3+ 71. Kxg5
Rf7 72. Ra6 Rb7 73. Rg6+ Kh7 74. Rf6 Kg7 75. Rc6 Ra7 76. Kh5 Rb7 77. g5 Ra7 78.
Rg6+ Kf7 79. Kh6 Ra1 80. Rf6+ Kg8 81. Kg6 Rh1 82. Ra6 Kf8 83. Ra8+ Ke7 84. Kg7
Rg1 85. g6 Rh1 86. Ra4 Re1 87. Rf4 Re2 88. Kg8 Rg2 89. g7 Rg1 90. Rf3 Rg2 91.
Re3+ Kf6 92. Kf8 1-0

[Event "Lazy PERLA BALTYKU"]
[Site "Lazy"]
[Date "2016.07.04"]
[Round "8.1"]
[White "Jarmula, Lukasz"]
[Black "Shishkin, Vadim"]
[Result "1/2-1/2"]
[WhiteElo "2447"]
[BlackElo "2459"]
[PlyCount "79"]
[EventDate "2016.??.??"]

1. Nf3 Nf6 2. c4 g6 3. Nc3 d5 4. Qa4+ Bd7 5. Qb3 dxc4 6. Qxc4 Nc6 7. d4 Be6 8.
Qb5 Bd7 9. Qb3 Na5 10. Qc2 b5 11. a3 Bg7 12. e4 c6 13. b4 Nc4 14. Bxc4 bxc4 15.
h3 a5 16. Rb1 O-O 17. O-O axb4 18. axb4 Be6 19. Be3 Ra3 20. Ng5 Bd7 21. Bc1 Ra8
22. Rd1 h6 23. Nf3 Be6 24. Ne5 Qc8 25. Bf4 Qa6 26. b5 cxb5 27. Nxb5 Rfc8 28. d5
Bd7 29. Nxd7 Nxd7 30. d6 e6 31. Nc7 Qa2 32. Qc1 Rab8 33. Rxb8 Rxb8 34. Bxh6
Bxh6 35. Qxh6 c3 36. Rc1 Qc4 37. Kh2 Qxe4 38. Qe3 Qxe3 39. fxe3 Rb6 40. Rxc3
1/2-1/2

[Event "Lazy PERLA BALTYKU"]
[Site "Lazy"]
[Date "2016.07.04"]
[Round "8.3"]
[White "Kosakowski, Jakub"]
[Black "Buraczewski, Rafal"]
[Result "1-0"]
[WhiteElo "2122"]
[BlackElo "2032"]
[PlyCount "79"]
[EventDate "2016.??.??"]

1. e4 e6 2. d4 d5 3. Nc3 Nf6 4. e5 Nfd7 5. f4 c5 6. Nf3 Nc6 7. Be3 a6 8. Qd2 b5
9. dxc5 Bxc5 10. Bd3 Qb6 11. Bf2 Bxf2+ 12. Qxf2 Qxf2+ 13. Kxf2 Bb7 14. Ne2 Rc8
15. Ned4 Ke7 16. Rae1 g6 17. g4 h5 18. h3 hxg4 19. hxg4 Ndb8 20. Ke3 Nxd4 21.
Nxd4 Nd7 22. Kd2 Nb6 23. b3 Nd7 24. a3 Rxh1 25. Rxh1 g5 26. f5 Nxe5 27. fxe6
fxe6 28. Rh6 Nf7 29. Rxe6+ Kf8 30. Rb6 Nd8 31. Rg6 Nf7 32. Ne6+ Ke7 33. Nxg5
Nxg5 34. Rxg5 Kf6 35. Rg6+ Ke5 36. g5 d4 37. Rg7 Bd5 38. g6 Rg8 39. Ra7 Ra8 40.
Rxa8 1-0

[Event "Lazy PERLA BALTYKU"]
[Site "Lazy"]
[Date "2016.07.04"]
[Round "8.4"]
[White "Kocheev, Aleksander"]
[Black "Lewtak, Damian"]
[Result "1/2-1/2"]
[WhiteElo "2345"]
[BlackElo "2323"]
[PlyCount "110"]
[EventDate "2016.??.??"]

1. e4 c5 2. Nf3 Nc6 3. c3 d5 4. exd5 Qxd5 5. d4 Nf6 6. Na3 Bg4 7. Be2 cxd4 8.
Nb5 O-O-O 9. Nbxd4 e5 10. Nxc6 Qxc6 11. Qb3 Be6 12. Qb5 Qxb5 13. Bxb5 a6 14.
Ba4 Bd5 15. O-O Bxf3 16. gxf3 Nd5 17. Bb3 Bc5 18. Rd1 Nc7 19. Be3 Bxe3 20. fxe3
f6 21. Kf2 Rxd1 22. Bxd1 Rd8 23. Ke2 Kd7 24. Bc2 Ke7 25. a4 g6 26. a5 f5 27.
Ra4 Ne8 28. Rh4 h5 29. Rb4 Nd6 30. h4 Rc8 31. e4 f4 32. Bb3 Rc5 33. Bd5 Rxa5
34. Bxb7 Ra1 35. Rb6 a5 36. Bd5 Rh1 37. c4 Rxh4 38. c5 Ne8 39. Rxg6 Rh2+ 40.
Kd3 Rxb2 41. Re6+ Kd8 42. Rxe5 Rh2 43. Bf7 Nc7 44. Rxh5 Rxh5 45. Bxh5 Ne6 46.
Kc4 a4 47. Kb4 a3 48. Kxa3 Nxc5 49. Kb4 Nd7 50. Kc3 Ke7 51. Kd4 Kd6 52. Kd3 Ke5
53. Bg6 Kf6 54. Bf5 Ne5+ 55. Ke2 Kg5 1/2-1/2

[Event "Lazy PERLA BALTYKU"]
[Site "Lazy"]
[Date "2016.07.04"]
[Round "8.5"]
[White "Kyæ, Jerzy"]
[Black "Kaczmarek, Aleksander"]
[Result "0-1"]
[WhiteElo "2225"]
[BlackElo "2325"]
[PlyCount "100"]
[EventDate "2016.??.??"]

1. e4 c6 2. Nc3 d5 3. Nf3 Bg4 4. h3 Bxf3 5. Qxf3 e6 6. d3 Nd7 7. g4 Bb4 8. Bd2
d4 9. Nb1 Bxd2+ 10. Nxd2 Ne7 11. Qg3 e5 12. f4 exf4 13. Qxf4 Ng6 14. Qg3 Nde5
15. h4 h5 16. g5 Ng4 17. Nc4 N6e5 18. Nxe5 Qa5+ 19. Ke2 Nxe5 20. Bh3 g6 21.
Rhf1 O-O 22. b4 Qc7 23. c4 a5 24. a3 Rfe8 25. Rfc1 axb4 26. axb4 b6 27. Qg1 Qe7
28. Rxa8 Rxa8 29. Ra1 Re8 30. Qb1 Qd6 31. Kf2 Ng4+ 32. Bxg4 Qh2+ 33. Kf3 hxg4+
34. Kxg4 Qg2+ 35. Kf4 Qh3 36. Qd1 b5 37. cxb5 cxb5 38. Ra7 Rc8 39. Qf3 Qxh4+
40. Qg4 Qh2+ 41. Qg3 Qd2+ 42. Kg4 Qxb4 43. Qf4 Qb3 44. Qf6 Qd1+ 45. Kf4 Qc1+
46. Kg4 Qg1+ 47. Kf4 Rf8 48. Ke5 Qg3+ 49. Kd5 Qxd3 50. Rc7 Qd2 0-1

[Event "Lazy PERLA BALTYKU"]
[Site "Lazy"]
[Date "2016.07.04"]
[Round "8.6"]
[White "Krainski, Aleksander"]
[Black "Mielczarski, Miroslaw"]
[Result "0-1"]
[WhiteElo "2141"]
[BlackElo "2107"]
[PlyCount "76"]
[EventDate "2016.??.??"]

1. e4 d5 2. exd5 Qxd5 3. Nf3 Bg4 4. Be2 e6 5. Nc3 Qa5 6. h3 Bh5 7. O-O Nf6 8.
d4 c6 9. Bd2 Qd8 10. Bg5 Be7 11. Qd2 O-O 12. Rad1 Nbd7 13. Ne5 Bxe2 14. Qxe2
Nd5 15. Bxe7 Nxc3 16. Qf3 Qxe7 17. Qxc3 Nxe5 18. dxe5 Rfd8 19. Rd4 c5 20. Rg4
Rd5 21. Re1 Rad8 22. h4 Rd4 23. Ree4 Rxe4 24. Rxe4 b6 25. a3 Rd1+ 26. Kh2 Qd8
27. b4 Qd5 28. Rg4 Rd4 29. f4 h5 30. Rg5 g6 31. bxc5 Qxc5 32. Qxc5 bxc5 33. Kg3
Rc4 34. Kf3 Rxc2 35. Ke4 Rc3 36. a4 Rc4+ 37. Ke3 Rxa4 38. g4 Ra3+ 0-1

[Event "Lazy PERLA BALTYKU"]
[Site "Lazy"]
[Date "2016.07.04"]
[Round "8.7"]
[White "Karbowiak, Adam"]
[Black "Marczuk, Dominik"]
[Result "1/2-1/2"]
[WhiteElo "2128"]
[BlackElo "2298"]
[PlyCount "49"]
[EventDate "2016.??.??"]

1. Nf3 d6 2. g3 f5 3. d4 Nf6 4. Bg2 g6 5. O-O Bg7 6. b4 O-O 7. Bb2 Nc6 8. b5
Na5 9. Qd3 c6 10. a4 d5 11. Nbd2 Ne4 12. c4 Be6 13. cxd5 Bxd5 14. Rab1 cxb5 15.
axb5 Rc8 16. Rfc1 Rxc1+ 17. Rxc1 b6 18. e3 Qa8 19. Bf1 Rc8 20. Ra1 Nxd2 21. Ne5
e6 22. Qxd2 Qb7 23. Qc3 Bxe5 24. Ba3 Nc4 25. dxe5 1/2-1/2

[Event "Lazy PERLA BALTYKU"]
[Site "Lazy"]
[Date "2016.07.04"]
[Round "8.8"]
[White "Nowak, Mikolaj"]
[Black "Juhnke, Juergen"]
[Result "0-1"]
[WhiteElo "2091"]
[BlackElo "2219"]
[PlyCount "98"]
[EventDate "2016.??.??"]

1. e4 c5 2. Nc3 a6 3. d3 b5 4. Be3 e6 5. f4 Bb7 6. Qe2 Nc6 7. Nf3 Nf6 8. e5 Ng4
9. Bg1 f5 10. h3 Nh6 11. Bf2 Be7 12. O-O-O Qa5 13. a3 b4 14. Nb1 c4 15. dxc4
bxa3 16. bxa3 Bxa3+ 17. Nxa3 Qxa3+ 18. Kd2 Qb4+ 19. c3 Qb3 20. Nd4 Nxd4 21.
cxd4 Qb4+ 22. Ke3 Be4 23. Be1 Qb3+ 24. Kf2 O-O 25. Qd2 a5 26. Be2 a4 27. Qc3
Rfb8 28. Rc1 a3 29. Qxb3 Rxb3 30. Bc3 a2 31. Ba1 Rab8 32. Rhd1 Rb1 33. Bf3
R8b2+ 34. Be2 Rb3 35. Bf3 Bxf3 36. gxf3 Nf7 37. Ke2 Nd8 38. d5 Nb7 39. dxe6
dxe6 40. Rc2 Rxd1 41. Kxd1 Rb1+ 42. Rc1 Na5 43. Kc2 Nxc4 44. Bd4 Ne3+ 45. Kd2
Nd5 46. Rc8+ Kf7 47. Ra8 Rh1 48. Kd3 Rxh3 49. Rxa2 Nb4+ 0-1